Učitavanje...

ADVANCED Textbook on Biodiversity: Principles and Practice

Bibliografski detalji
Glavni autor: KRISHNAMURTHY, K V
Format: Printed Book
Izdano: New Delhi OXFORD AND IBH PUBLISHING CO. 2003
Teme:
LEADER 00607nam a2200205 4500
020
037 |c 345.0 
082 |a 577 KRI 
100 |a KRISHNAMURTHY, K V 
245 |a ADVANCED Textbook on Biodiversity: Principles and Practice  |h ENGLISH 
250
260 |a New Delhi  |b OXFORD AND IBH PUBLISHING CO.  |c 2003 
300 |a 260  |f PB 
500
590
630 |a Biodiversity Taxonomy 
650 |a Biodiversity: Principles and Practice 
942 |c TB 
999 |c 173649  |d 173649 
952 |0 0  |1 0  |4 0  |6 577_000000000000000_KRI  |7 0  |9 187078  |a BOT  |b BOT  |g 345.00  |l 0  |o 577 KRI  |p BOT8909  |r 2019-10-25  |w 2019-10-25  |y TB